[Event "26th Zadar Open 2019"]
[Site "Zadar"]
[Date "2019.12.19"]
[Round "6.23"]
[White "Gelbenegger, Patrick"]
[Black "Ly, Dominik"]
[Result "1/2-1/2"]
[WhiteElo "2267"]
[BlackElo "2220"]
[Annotator "ChessBase"]
[PlyCount "58"]
[EventDate "2019.12.15"]
[EventType "swiss"]
[EventCountry "CRO"]
[SourceTitle "playchess.com"]
[Source "ChessBase"]
[SourceQuality "1"]
[TimeControl "40/5400+30:1800+30"]

1. e4 {[%emt 0:06:30]} c5 {[%emt 0:00:30]} 2. Nf3 {[%emt 0:00:30]} Nc6 {[%emt 0:00:00]} 3. d4 {[%emt 0:00:30]} cxd4 {[%emt 0:00:00]} 4. Nxd4 {[%emt 0:00:00]} g6 {[%emt 0:00:30]} 5. c4 {[%emt 0:00:00]} Bg7 {[%emt 0:00:30]} 6. Be3 {[%emt 0:00:30]} Nf6 {[%emt 0:10:30]} 7. Nc3 {[%emt 0:00:30]} d6 {[%emt 0:00:30]} 8. Be2 {[%emt 0:00:30]} O-O {[%emt 0:00:30]} 9. O-O {[%emt 0:04:30]} Bd7 {[%emt 0:00:30]} 10. Qd2 {[%emt 0:01:30]} Nxd4 {[%emt 0:00:30]} 11. Bxd4 {[%emt 0:00:00]} Bc6 {[%emt 0:00:30]} 12. f3 {[%emt 0:00:00]} Nd7 {[%emt 0:00:30]} 13. Bxg7 {[%emt 0:00:30]} Kxg7 {[%emt 0:00:30]} 14. Qd4+ {[%emt 0:00:30]} Kg8 {[%emt 0:00:00]} 15. b3 {[%emt 0:02:30]} a5 {[%emt 0:00:00]} 16. Nd5 {[%emt 0:02:30]} Bxd5 {[%emt 0:00:30]} 17. cxd5 {[%emt 0:00:30]} Qb6 {[%emt 0:00:30]} 18. Qxb6 {[%emt 0:00:00]} Nxb6 {[%emt 0:00:30]} 19. Bb5 {[%emt 0:01:00]} Rfc8 {[%emt 0:00:30]} 20. Rfc1 {[%emt 0:00:00]} a4 {[%emt 0:00:30]} 21. bxa4 {[%emt 0:01:00]} Rxc1+ {[%emt 0:08:30]} 22. Rxc1 {[%emt 0:00:00]} Nxa4 {[%emt 0:00:30]} 23. Bxa4 {[%emt 0:00:00]} Rxa4 {[%emt 0:00:30]} 24. Rc8+ {[%emt 0:00:30]} Kg7 {[%emt 0:00:00]} 25. Rc7 {[%emt 0:00:30]} Kf6 {[%emt 0:00:00]} 26. Rxb7 {[%emt 0:00:30]} Rxa2 {[%emt 0:01:30]} 27. h4 {[%emt 0:00:30]} h5 {[%emt 0:00:00]} 28. Kh2 {[%emt 0:00:00]} Rc2 {[%emt 0:00:00]} 29. Kg3 {[%emt 0:00:00]} Ra2 {[%emt 0:00:30]} 1/2-1/2

[Event "26th Zadar Open 2019"]
[Site "Zadar"]
[Date "2019.12.19"]
[Round "6.24"]
[White "Hrescak, Ivana"]
[Black "de Francesco, Klaus"]
[Result "1/2-1/2"]
[WhiteElo "2194"]
[BlackElo "2273"]
[Annotator "ChessBase"]
[PlyCount "80"]
[EventDate "2019.12.15"]
[EventType "swiss"]
[EventCountry "CRO"]
[SourceTitle "playchess.com"]
[Source "ChessBase"]
[SourceQuality "1"]
[TimeControl "40/5400+30:1800+30"]

1. d4 {[%emt 0:00:30]} d5 {[%emt 0:00:30]} 2. c4 {[%emt 0:00:30]} c6 {[%emt 0:00:00]} 3. Nf3 {[%emt 0:00:00]} Nf6 {[%emt 0:00:00]} 4. Nc3 {[%emt 0:00:00]} a6 {[%emt 0:00:00]} 5. a4 {[%emt 0:01:30]} e6 {[%emt 0:01:00]} 6. e3 {[%emt 0:01:30]} a5 {[%emt 0:00:30]} 7. Be2 {[%emt 0:01:30]} Nbd7 {[%emt 0:01:30]} 8. O-O {[%emt 0:00:30]} Bd6 {[%emt 0:00:30]} 9. Qc2 {[%emt 0:02:30]} O-O {[%emt 0:00:30]} 10. Rd1 {[%emt 0:02:30]} Qe7 {[%emt 0:04:30]} 11. e4 {[%emt 0:18:30]} Nxe4 {[%emt 0:00:30]} 12. Nxe4 {[%emt 0:00:30]} dxe4 {[%emt 0:00:00]} 13. Qxe4 {[%emt 0:00:00]} e5 {[%emt 0:01:00]} 14. Bg5 {[%emt 0:11:00]} f6 {[%emt 0:01:30]} 15. Bd3 {[%emt 0:16:30]} g6 {[%emt 0:03:30]} 16. dxe5 {[%emt 0:04:30]} Nxe5 {[%emt 0:00:30]} 17. Nxe5 {[%emt 0:00:30]} Qxe5 {[%emt 0:00:30]} 18. Qxe5 {[%emt 0:00:30]} Bxe5 {[%emt 0:00:30]} 19. Bh6 {[%emt 0:00:30]} Rd8 {[%emt 0:02:30]} 20. Rab1 {[%emt 0:01:30]} Be6 {[%emt 0:02:30]} 21. b3 {[%emt 0:03:30]} Rd7 {[%emt 0:01:30]} 22. Be3 {[%emt 0:02:30]} Bd4 {[%emt 0:00:30]} 23. Bxd4 {[%emt 0:01:30]} Rxd4 {[%emt 0:00:30]} 24. Be2 {[%emt 0:01:30]} Rad8 {[%emt 0:00:00]} 25. Rxd4 {[%emt 0:00:30]} Rxd4 {[%emt 0:00:00]} 26. Rd1 {[%emt 0:00:30]} Rxd1+ {[%emt 0:01:30]} 27. Bxd1 {[%emt 0:00:00]} Kf7 {[%emt 0:00:30]} 28. Kf1 {[%emt 0:02:00]} Ke7 {[%emt 0:01:30]} 29. Ke2 {[%emt 0:00:30]} Bg4+ {[%emt 0:00:00]} 30. f3 {[%emt 0:00:30]} Bf5 {[%emt 0:00:00]} 31. Ke3 {[%emt 0:00:30]} Kd6 {[%emt 0:00:30]} 32. Kd4 {[%emt 0:00:30]} c5+ {[%emt 0:00:00]} 33. Ke3 {[%emt 0:00:30]} g5 {[%emt 0:00:00]} 34. g3 {[%emt 0:04:30]} Bb1 {[%emt 0:02:30]} 35. f4 {[%emt 0:03:30]} h6 {[%emt 0:00:30]} 36. Kd2 {[%emt 0:03:56]} Ke6 {[%emt 0:01:30]} 37. Bg4+ {[%emt 0:01:01]} Kf7 {[%emt 0:00:30]} 38. Bh5+ {[%emt 0:02:09]} Ke6 {[%emt 0:00:30]} 39. Bg4+ {[%emt 0:00:10]} Kf7 {[%emt 0:00:30]} 40. Bh5+ {[%emt 0:00:13]} Ke6 {[%emt 0:00:00]} 1/2-1/2

[Event "26th Zadar Open 2019"]
[Site "Zadar"]
[Date "2019.12.19"]
[Round "6.25"]
[White "Deglmann, Ludwig"]
[Black "Khalakhan, Jurij"]
[Result "1/2-1/2"]
[WhiteElo "2261"]
[BlackElo "2240"]
[Annotator "ChessBase"]
[PlyCount "21"]
[EventDate "2019.12.15"]
[EventType "swiss"]
[EventCountry "CRO"]
[SourceTitle "playchess.com"]
[Source "ChessBase"]
[SourceQuality "1"]
[TimeControl "40/5400+30:1800+30"]

1. e4 {[%emt 0:00:30]} c5 {[%emt 0:09:30]} 2. d3 {[%emt 0:01:30]} Nc6 {[%emt 0:04:30]} 3. f4 {[%emt 0:00:30]} d5 {[%emt 0:00:00]} 4. Be2 {[%emt 0:00:30]} dxe4 {[%emt 0:00:00]} 5. dxe4 {[%emt 0:00:30]} Qxd1+ {[%emt 0:00:30]} 6. Bxd1 {[%emt 0:00:00]} Nf6 {[%emt 0:03:30]} 7. Nd2 {[%emt 0:10:00]} e5 {[%emt 0:07:30]} 8. f5 {[%emt 0:09:30]} g6 {[%emt 0:00:30]} 9. fxg6 {[%emt 0:00:30]} hxg6 {[%emt 0:00:30]} 10. c3 {[%emt 0:00:30]} Ng4 {[%emt 0:02:30]} 11. Nf1 {[%emt 0:16:30]} 1/2-1/2

[Event "26th Zadar Open 2019"]
[Site "Zadar"]
[Date "2019.12.20"]
[Round "7.1"]
[White "Kozul, Zdenko"]
[Black "Brkic, Ante"]
[Result "1/2-1/2"]
[WhiteElo "2590"]
[BlackElo "2576"]
[Annotator "ChessBase"]
[PlyCount "69"]
[EventDate "2019.12.15"]
[EventType "swiss"]
[EventCountry "CRO"]
[SourceTitle "playchess.com"]
[Source "ChessBase"]
[SourceQuality "1"]
[TimeControl "40/5400+30:1800+30"]

1. d4 {[%emt 0:01:30]} Nf6 {[%emt 0:00:30]} 2. c4 {[%emt 0:00:00]} e6 {[%emt 0:00:00]} 3. Nf3 {[%emt 0:01:00]} d5 {[%emt 0:00:00]} 4. Nc3 {[%emt 0:00:00]} Bb4 {[%emt 0:00:30]} 5. Bg5 {[%emt 0:01:00]} h6 {[%emt 0:00:30]} 6. Bxf6 {[%emt 0:00:30]} Qxf6 {[%emt 0:00:30]} 7. e3 {[%emt 0:03:30]} O-O {[%emt 0:00:30]} 8. Be2 {[%emt 0:00:30]} dxc4 {[%emt 0:02:30]} 9. O-O {[%emt 0:00:30]} Bxc3 {[%emt 0:01:30]} 10. bxc3 {[%emt 0:00:30]} b6 {[%emt 0:00:30]} 11. Ne5 {[%emt 0:07:30]} Bb7 {[%emt 0:00:00]} 12. a4 {[%emt 0:05:30]} Rd8 {[%emt 0:07:00]} 13. f4 {[%emt 0:10:30]} Nd7 {[%emt 0:04:30]} 14. Bh5 {[%emt 0:07:30]} g6 {[%emt 0:00:30]} 15. Bf3 {[%emt 0:00:30]} Bxf3 {[%emt 0:00:30]} 16. Rxf3 {[%emt 0:01:30]} Qf5 {[%emt 0:05:30]} 17. Qe1 {[%emt 0:10:30]} Qe4 {[%emt 0:11:30]} 18. Rh3 {[%emt 0:05:30]} h5 {[%emt 0:04:30]} 19. Rh4 {[%emt 0:00:30]} c5 {[%emt 0:15:30]} 20. f5 {[%emt 0:09:30]} Qxf5 {[%emt 0:00:30]} 21. Rf4 {[%emt 0:00:30]} Nxe5 {[%emt 0:00:30]} 22. Rxf5 {[%emt 0:00:00]} Nd3 {[%emt 0:00:00]} 23. Qb1 {[%emt 0:03:00]} exf5 {[%emt 0:00:00]} 24. Qb5 {[%emt 0:00:30]} Re8 {[%emt 0:03:30]} 25. a5 {[%emt 0:13:24]} Rxe3 {[%emt 0:05:30]} 26. h3 {[%emt 0:06:45]} Rae8 {[%emt 0:05:30]} 27. d5 {[%emt 0:00:09]} f4 {[%emt 0:08:30]} 28. axb6 {[%emt 0:01:58]} axb6 {[%emt 0:01:30]} 29. d6 {[%emt 0:00:27]} f3 {[%emt 0:02:30]} 30. gxf3 {[%emt 0:08:23]} h4 {[%emt 0:09:28]} 31. d7 {[%emt 0:00:24]} Re1+ {[%emt 0:00:09]} 32. Rxe1 {[%emt 0:00:05]} Rxe1+ {[%emt 0:00:00]} 33. Kh2 {[%emt 0:00:19]} Re2+ {[%emt 0:00:05]} 34. Kg1 {[%emt 0:00:04]} Re1+ {[%emt 0:00:03]} 35. Kh2 {[%emt 0:00:04]} 1/2-1/2

[Event "26th Zadar Open 2019"]
[Site "Zadar"]
[Date "2019.12.20"]
[Round "7.2"]
[White "Blohberger, Felix"]
[Black "Mosesov, Danyil"]
[Result "1/2-1/2"]
[WhiteElo "2434"]
[BlackElo "2290"]
[Annotator "NA"]
[PlyCount "64"]
[EventDate "2019.12.15"]
[EventType "swiss"]
[EventCountry "CRO"]
[SourceTitle "playchess.com"]
[Source "ChessBase"]
[SourceQuality "1"]
[TimeControl "40/5400+30:1800+30"]

1. Nf3 {[%emt 0:00:30]} d5 {[%emt 0:05:30]} 2. g3 {[%emt 0:00:00]} Nd7 {[%emt 0:00:30]} 3. d4 {[%emt 0:00:00]} Nb6 {[%emt 0:00:30]} 4. Nbd2 {[%emt 0:00:00]} Bf5 {[%emt 0:03:30]} 5. Nh4 {[%emt 0:00:00]} Bg4 {[%emt 0:01:30]} 6. h3 {[%emt 0:00:00]} Bh5 {[%emt 0:00:30]} 7. Ng2 {[%emt 0:00:00]} f6 {[%emt 0:04:30]} 8. Nf4 {[%emt 0:02:30]} Bf7 $1 {[%emt 0:00:00]} 9. Nd3 {[%emt 0:00:00]} e5 {[%emt 0:05:00]} 10. dxe5 {[%emt 0:00:00]} c5 {[%emt 0:00:30]} 11. exf6 {[%emt 0:02:30]} Nxf6 {[%emt 0:01:30]} 12. Bg2 $16 {[%emt 0:01:30]} Bd6 {[%emt 0:01:30]} 13. Nf3 {[%emt 0:14:30]} Qe7 {[%emt 0:02:30]} 14. O-O {[%emt 0:04:30]} O-O {[%emt 0:03:30]} 15. Bf4 {[%emt 0:01:30]} Bxf4 {[%emt 0:01:30]} 16. Nxf4 {[%emt 0:00:30]} Ne4 {[%emt 0:00:30]} 17. c3 {[%emt 0:02:30]} Rad8 {[%emt 0:07:30]} 18. Nd2 {[%emt 0:07:30]} g5 {[%emt 0:04:30]} 19. Nd3 {[%emt 0:05:30]} Nc4 {[%emt 0:04:30]} 20. Nf3 {[%emt 0:01:30]} Bg6 {[%emt 0:01:30]} 21. Qc1 {[%emt 0:02:30]} Qf6 {[%emt 0:03:30]} 22. Kh2 {[%emt 0:07:30]} Rfe8 {[%emt 0:01:30]} 23. b3 {[%emt 0:13:30]} Ncd6 {[%emt 0:02:30]} 24. c4 {[%emt 0:01:30]} dxc4 {[%emt 0:02:30]} 25. bxc4 {[%emt 0:00:00]} Bf7 {[%emt 0:02:30]} 26. Nb2 {[%emt 0:11:00]} h6 {[%emt 0:00:30]} 27. Qc2 {[%emt 0:01:30]} Bg6 {[%emt 0:10:30]} 28. Qb3 {[%emt 0:02:12]} h5 {[%emt 0:00:30]} 29. Rad1 {[%emt 0:01:50]} Nc3 {[%emt 0:03:30]} 30. Rd2 {[%emt 0:00:24]} Nce4 {[%emt 0:07:12]} 31. Rdd1 {[%emt 0:00:17]} Nc3 {[%emt 0:01:52]} 32. Rd2 {[%emt 0:00:10]} Nce4 {[%emt 0:00:12]} 1/2-1/2

[Event "26th Zadar Open 2019"]
[Site "Zadar"]
[Date "2019.12.20"]
[Round "7.3"]
[White "Bhambure, Shantanu"]
[Black "Dev, Shah"]
[Result "1-0"]
[WhiteElo "2340"]
[BlackElo "2242"]
[Annotator "NA"]
[PlyCount "119"]
[EventDate "2019.12.15"]
[EventType "swiss"]
[EventCountry "CRO"]
[SourceTitle "playchess.com"]
[Source "ChessBase"]
[SourceQuality "1"]
[TimeControl "40/5400+30:1800+30"]

1. d4 {[%emt 0:00:30]} d5 {[%emt 0:04:30]} 2. c4 {[%emt 0:00:00]} c6 {[%emt 0:00:00]} 3. Nf3 {[%emt 0:00:00]} Nf6 {[%emt 0:00:00]} 4. Nc3 {[%emt 0:00:00]} e6 {[%emt 0:00:00]} 5. Bg5 {[%emt 0:00:00]} Nbd7 {[%emt 0:00:00]} 6. e3 {[%emt 0:00:30]} Qa5 {[%emt 0:00:30]} 7. Nd2 {[%emt 0:00:30]} Bb4 {[%emt 0:00:00]} 8. Rc1 {[%emt 0:00:00]} dxc4 {[%emt 0:02:00]} 9. Bxf6 {[%emt 0:00:00]} Nxf6 {[%emt 0:00:30]} 10. Nxc4 {[%emt 0:00:30]} Qd5 {[%emt 0:00:30]} 11. a3 {[%emt 0:01:30]} Bxc3+ {[%emt 0:00:00]} 12. Rxc3 {[%emt 0:00:00]} O-O {[%emt 0:05:00]} 13. f3 {[%emt 0:00:00]} Rd8 $14 {[%emt 0:06:30]} 14. Ne5 {[%emt 0:21:30]} Nd7 {[%emt 0:03:30]} 15. Bc4 {[%emt 0:08:30]} Qd6 {[%emt 0:03:30]} 16. Nxd7 {[%emt 0:06:30]} Bxd7 {[%emt 0:00:30]} 17. O-O {[%emt 0:01:30]} Be8 {[%emt 0:01:30]} 18. Qb3 {[%emt 0:03:30]} e5 {[%emt 0:03:30]} 19. dxe5 {[%emt 0:04:30]} Qxe5 {[%emt 0:00:30]} 20. Rd1 {[%emt 0:01:30]} Qe7 {[%emt 0:03:30]} 21. Rcc1 {[%emt 0:03:30]} Rxd1+ {[%emt 0:07:30]} 22. Rxd1 {[%emt 0:00:00]} b5 {[%emt 0:00:30]} 23. Be2 {[%emt 0:01:00]} Rd8 {[%emt 0:00:00]} 24. Rxd8 {[%emt 0:02:30]} Qxd8 {[%emt 0:00:00]} 25. Qc3 {[%emt 0:00:30]} Qd6 {[%emt 0:08:30]} 26. b4 {[%emt 0:03:30]} Bd7 {[%emt 0:00:30]} 27. e4 {[%emt 0:00:30]} Be6 {[%emt 0:00:30]} 28. g3 {[%emt 0:01:30]} f6 {[%emt 0:07:30]} 29. Kg2 {[%emt 0:01:30]} Bf7 {[%emt 0:06:30]} 30. Qe3 {[%emt 0:04:30]} Qd7 {[%emt 0:05:30]} 31. f4 {[%emt 0:03:30]} Be6 {[%emt 0:12:30]} 32. Kf2 {[%emt 0:08:30]} f5 {[%emt 0:10:39]} 33. exf5 {[%emt 0:11:12]} Bxf5 {[%emt 0:00:59]} 34. g4 {[%emt 0:02:48]} Be6 {[%emt 0:00:10]} 35. Kg3 {[%emt 0:01:11]} Bf7 {[%emt 0:04:07]} 36. h4 {[%emt 0:01:09]} Bc4 {[%emt 0:02:50]} 37. Bxc4+ {[%emt 0:03:28]} bxc4 {[%emt 0:00:09]} 38. Qe4 {[%emt 0:00:30]} Qf7 {[%emt 0:03:25]} 39. Qxc6 {[%emt 0:00:31]} h6 {[%emt 0:00:56]} 40. h5 {[%emt 0:01:18]} Kh8 {[%emt 0:00:33]} 41. Kf3 {[%emt 0:04:23]} c3 {[%emt 0:03:12]} 42. Qxc3 {[%emt 0:01:30]} Qd5+ {[%emt 0:00:30]} 43. Kg3 {[%emt 0:03:30]} Qd1 {[%emt 0:00:30]} 44. Qe3 {[%emt 0:00:30]} a6 {[%emt 0:00:30]} 45. Qe8+ {[%emt 0:05:30]} Kh7 {[%emt 0:00:30]} 46. Qg6+ {[%emt 0:01:30]} Kh8 {[%emt 0:00:30]} 47. Qxa6 {[%emt 0:01:30]} Qg1+ {[%emt 0:00:30]} 48. Kf3 {[%emt 0:00:00]} Qh1+ {[%emt 0:00:00]} 49. Ke3 {[%emt 0:05:03]} Qg1+ {[%emt 0:01:00]} 50. Kd2 {[%emt 0:01:21]} Qf2+ {[%emt 0:01:30]} 51. Qe2 {[%emt 0:02:32]} Qxf4+ {[%emt 0:00:00]} 52. Qe3 {[%emt 0:00:11]} Qh2+ {[%emt 0:01:00]} 53. Kc3 {[%emt 0:00:46]} Qa2 {[%emt 0:00:30]} 54. Kd4 {[%emt 0:00:10]} Qb2+ {[%emt 0:00:00]} 55. Kc5 {[%emt 0:00:48]} Qc2+ {[%emt 0:00:00]} 56. Kb6 {[%emt 0:01:26]} Qc8 {[%emt 0:00:30]} 57. b5 {[%emt 0:02:55]} Qd8+ {[%emt 0:00:30]} 58. Kc5 {[%emt 0:00:30]} Qa5 {[%emt 0:00:30]} 59. Kc6 {[%emt 0:02:01]} Qa8+ {[%emt 0:00:00]} 60. Kc7 {[%emt 0:00:14]} 1-0

[Event "26th Zadar Open 2019"]
[Site "Zadar"]
[Date "2019.12.20"]
[Round "7.4"]
[White "Rudolf, Michal"]
[Black "Predojevic, Borki"]
[Result "1/2-1/2"]
[WhiteElo "2328"]
[BlackElo "2616"]
[Annotator "TA"]
[PlyCount "34"]
[EventDate "2019.12.15"]
[EventType "swiss"]
[EventCountry "CRO"]
[SourceTitle "playchess.com"]
[Source "ChessBase"]
[SourceQuality "1"]

{[%evp 9,34,-9,-7,-16,28,20,38,33,27,8,25,10,19,18,35,31,46,18,25,26,70,52,80,71,70,65,99]} 1. d4 Nf6 2. Bg5 d5 3. Bxf6 gxf6 4. c4 dxc4 5. e3 {[#]} c5 $1 {[%mdl 512]} 6. d5 {D00: 1 d4 d5: Unusual lines} (6. dxc5 Qxd1+) 6... Bg7 (6... b5 7. a4 Bb7 8. axb5 Qxd5 9. Qxd5 Bxd5 10. Nc3 Bb7 11. Be2 Nd7 12. Bf3 Bxf3 13. Nxf3 {1-0 (24) Duda,J (2738)-Gelfand,B (2673) St Petersburg 2018}) 7. Bxc4 f5 8. Nc3 Nd7 9. Nge2 O-O 10. O-O $146 ({Predecessor:} 10. a4 Ne5 11. Ba2 Bd7 12. O-O Rc8 {0-1 (67) Bednarek,S (2317)-Czarnota,P (2534) Chorzow 2019}) 10... Ne5 11. Bd3 e6 12. Nf4 exd5 13. Nfxd5 Be6 14. Be2 a6 15. Qc2 Rc8 ({Of course not} 15... Bxd5 16. Rad1 $16) 16. Rad1 Re8 17. Nf4 Qa5 {Accuracy: White = 58%, Black = 31%.} 1/2-1/2

[Event "26th Zadar Open 2019"]
[Site "Zadar"]
[Date "2019.12.20"]
[Round "7.5"]
[White "Saric, Ante"]
[Black "Dixit, Nikhil"]
[Result "1-0"]
[WhiteElo "2556"]
[BlackElo "2318"]
[Annotator "ChessBase"]
[PlyCount "79"]
[EventDate "2019.12.15"]
[EventType "swiss"]
[EventCountry "CRO"]
[SourceTitle "playchess.com"]
[Source "ChessBase"]
[SourceQuality "1"]
[TimeControl "40/5400+30:1800+30"]

1. d4 {[%emt 0:00:30]} Nf6 {[%emt 0:03:30]} 2. Nf3 {[%emt 0:00:00]} g6 {[%emt 0:00:00]} 3. c4 {[%emt 0:00:00]} Bg7 {[%emt 0:00:00]} 4. g3 {[%emt 0:00:00]} O-O {[%emt 0:01:30]} 5. Bg2 {[%emt 0:00:00]} d6 {[%emt 0:02:30]} 6. O-O {[%emt 0:00:30]} Nbd7 {[%emt 0:02:30]} 7. Nc3 {[%emt 0:00:00]} e5 {[%emt 0:00:00]} 8. e4 {[%emt 0:00:00]} exd4 {[%emt 0:01:00]} 9. Nxd4 {[%emt 0:00:30]} Ne5 {[%emt 0:00:30]} 10. b3 {[%emt 0:03:30]} Bd7 {[%emt 0:00:30]} 11. Qc2 {[%emt 0:13:30]} Re8 {[%emt 0:03:30]} 12. Bb2 {[%emt 0:07:30]} a6 {[%emt 0:05:30]} 13. a4 {[%emt 0:12:30]} Qc8 {[%emt 0:05:30]} 14. Nd5 {[%emt 0:17:30]} Nxd5 {[%emt 0:11:30]} 15. cxd5 {[%emt 0:02:30]} c5 {[%emt 0:00:30]} 16. dxc6 {[%emt 0:00:30]} bxc6 {[%emt 0:07:30]} 17. Ne2 {[%emt 0:06:30]} Qb7 {[%emt 0:07:30]} 18. Rab1 {[%emt 0:13:30]} Rab8 {[%emt 0:04:30]} 19. b4 {[%emt 0:00:30]} a5 {[%emt 0:03:30]} 20. bxa5 {[%emt 0:06:14]} Qa7 {[%emt 0:02:30]} 21. Bc3 {[%emt 0:01:47]} h5 {[%emt 0:10:30]} 22. Rxb8 {[%emt 0:00:44]} Rxb8 {[%emt 0:00:30]} 23. Rb1 {[%emt 0:00:07]} Rxb1+ {[%emt 0:02:30]} 24. Qxb1 {[%emt 0:00:01]} Nc4 {[%emt 0:01:30]} 25. Bxg7 {[%emt 0:01:34]} Kxg7 {[%emt 0:00:30]} 26. Qb4 {[%emt 0:00:14]} Nxa5 {[%emt 0:02:30]} 27. Qxd6 {[%emt 0:00:27]} Bg4 {[%emt 0:01:41]} 28. Nf4 {[%emt 0:02:43]} g5 {[%emt 0:08:50]} 29. Nd3 {[%emt 0:01:01]} Nc4 {[%emt 0:00:52]} 30. Qxc6 {[%emt 0:04:29]} Qd4 {[%emt 0:00:06]} 31. Qd5 {[%emt 0:00:01]} Qc3 {[%emt 0:06:10]} 32. h3 {[%emt 0:01:45]} Be2 {[%emt 0:00:52]} 33. Qxg5+ {[%emt 0:00:08]} Kf8 {[%emt 0:00:19]} 34. Qc5+ {[%emt 0:01:01]} Kg8 {[%emt 0:00:31]} 35. Nf4 {[%emt 0:00:32]} Qe1+ {[%emt 0:00:46]} 36. Kh2 {[%emt 0:00:06]} Bf1 {[%emt 0:00:45]} 37. Qg5+ {[%emt 0:01:03]} Kf8 {[%emt 0:00:13]} 38. Qf6 {[%emt 0:00:45]} Bxg2 {[%emt 0:00:49]} 39. Ng6+ {[%emt 0:00:15]} Kg8 {[%emt 0:00:10]} 40. Qh8# {[%emt 0:00:04]} 1-0

[Event "26th Zadar Open 2019"]
[Site "Zadar"]
[Date "2019.12.20"]
[Round "7.6"]
[White "Yeoh, Li Tian"]
[Black "Stany, G.A."]
[Result "1/2-1/2"]
[WhiteElo "2530"]
[BlackElo "2526"]
[Annotator "ChessBase"]
[PlyCount "162"]
[EventDate "2019.12.15"]
[EventType "swiss"]
[EventCountry "CRO"]
[SourceTitle "playchess.com"]
[Source "ChessBase"]
[SourceQuality "1"]
[TimeControl "40/5400+30:1800+30"]

1. Nf3 {[%emt 0:00:30]} Nf6 {[%emt 0:03:30]} 2. g3 {[%emt 0:00:00]} d5 {[%emt 0:00:00]} 3. Bg2 {[%emt 0:00:00]} e6 {[%emt 0:00:00]} 4. O-O {[%emt 0:02:30]} Be7 {[%emt 0:00:00]} 5. d3 {[%emt 0:00:30]} O-O {[%emt 0:00:00]} 6. Nbd2 {[%emt 0:00:00]} c5 {[%emt 0:00:30]} 7. e4 {[%emt 0:00:00]} Nc6 {[%emt 0:00:00]} 8. Re1 {[%emt 0:00:00]} b5 {[%emt 0:00:00]} 9. e5 {[%emt 0:00:00]} Nd7 {[%emt 0:00:30]} 10. Nf1 {[%emt 0:00:30]} Bb7 {[%emt 0:00:00]} 11. h4 {[%emt 0:00:00]} Qc7 {[%emt 0:00:00]} 12. Bf4 {[%emt 0:00:00]} Rfc8 {[%emt 0:00:30]} 13. h5 {[%emt 0:00:30]} h6 {[%emt 0:00:00]} 14. Ne3 {[%emt 0:00:30]} Qd8 {[%emt 0:00:00]} 15. c4 {[%emt 0:01:30]} bxc4 {[%emt 0:12:30]} 16. dxc4 {[%emt 0:00:00]} Nb6 {[%emt 0:04:30]} 17. cxd5 {[%emt 0:11:00]} Nxd5 {[%emt 0:00:30]} 18. Nxd5 {[%emt 0:00:30]} Qxd5 {[%emt 0:00:00]} 19. Qxd5 {[%emt 0:00:30]} exd5 {[%emt 0:00:00]} 20. Bh3 {[%emt 0:00:30]} Rd8 {[%emt 0:02:30]} 21. e6 {[%emt 0:03:30]} Bc8 {[%emt 0:07:30]} 22. Rac1 {[%emt 0:40:30]} Bxe6 {[%emt 0:07:30]} 23. Bxe6 {[%emt 0:00:30]} fxe6 {[%emt 0:00:00]} 24. Rxe6 {[%emt 0:00:00]} Rac8 {[%emt 0:00:00]} 25. b4 {[%emt 0:00:00]} Bf8 {[%emt 0:12:30]} 26. bxc5 {[%emt 0:00:30]} d4 {[%emt 0:00:30]} 27. Bd6 {[%emt 0:06:30]} Kf7 {[%emt 0:16:30]} 28. Rg6 {[%emt 0:04:30]} Be7 {[%emt 0:12:30]} 29. Rb1 {[%emt 0:07:30]} Bf6 {[%emt 0:05:41]} 30. Rb7+ {[%emt 0:00:00]} Kg8 {[%emt 0:06:23]} 31. g4 {[%emt 0:06:30]} Na5 {[%emt 0:00:11]} 32. Rxa7 {[%emt 0:00:23]} Nc6 {[%emt 0:00:45]} 33. Rb7 {[%emt 0:01:31]} Na5 {[%emt 0:00:04]} 34. Ra7 {[%emt 0:14:51]} Nc6 {[%emt 0:00:05]} 35. Rb7 {[%emt 0:00:45]} Na5 {[%emt 0:00:09]} 36. Be7 {[%emt 0:00:41]} Nxb7 {[%emt 0:02:51]} 37. Bxf6 {[%emt 0:00:04]} Rd7 {[%emt 0:00:24]} 38. Ne5 {[%emt 0:01:12]} Rdc7 {[%emt 0:01:25]} 39. c6 {[%emt 0:00:07]} Nc5 {[%emt 0:01:37]} 40. Bh4 {[%emt 0:00:21]} d3 {[%emt 0:00:00]} 41. Rd6 {[%emt 0:06:35]} Ra7 {[%emt 0:04:55]} 42. Kg2 {[%emt 0:07:13]} Rxa2 {[%emt 0:00:30]} 43. c7 {[%emt 0:00:22]} Nb7 {[%emt 0:00:30]} 44. Rd7 {[%emt 0:02:41]} d2 {[%emt 0:01:30]} 45. Nf3 {[%emt 0:02:08]} Rxc7 {[%emt 0:01:30]} 46. Rxd2 {[%emt 0:00:05]} Rxd2 {[%emt 0:00:00]} 47. Nxd2 {[%emt 0:00:07]} Nc5 {[%emt 0:00:00]} 48. Bg3 {[%emt 0:00:49]} Rb7 {[%emt 0:00:30]} 49. Bd6 {[%emt 0:00:37]} Nd3 {[%emt 0:00:30]} 50. Ne4 {[%emt 0:00:33]} Rb2 {[%emt 0:01:30]} 51. Kf3 {[%emt 0:00:41]} Kf7 {[%emt 0:03:30]} 52. Ke3 {[%emt 0:01:00]} Nb4 {[%emt 0:04:30]} 53. Bg3 {[%emt 0:04:39]} Rb3+ {[%emt 0:00:30]} 54. Kd4 {[%emt 0:00:43]} Nc6+ {[%emt 0:00:30]} 55. Kd5 {[%emt 0:01:33]} Ne7+ {[%emt 0:00:30]} 56. Ke5 {[%emt 0:00:12]} Rb5+ {[%emt 0:00:30]} 57. Kd4 {[%emt 0:00:06]} Nc6+ {[%emt 0:00:30]} 58. Kc4 {[%emt 0:01:25]} Rb4+ {[%emt 0:00:00]} 59. Kd3 {[%emt 0:00:29]} Ke6 {[%emt 0:00:00]} 60. f4 {[%emt 0:00:59]} Rb3+ {[%emt 0:04:30]} 61. Kc4 {[%emt 0:00:07]} Rb4+ {[%emt 0:07:49]} 62. Kd3 {[%emt 0:00:06]} Rd4+ {[%emt 0:00:02]} 63. Ke3 {[%emt 0:00:12]} Kd5 {[%emt 0:00:10]} 64. Nc3+ {[%emt 0:01:45]} Kc4 {[%emt 0:00:12]} 65. Ne2 {[%emt 0:00:05]} Rd8 {[%emt 0:00:39]} 66. f5 {[%emt 0:01:25]} Re8+ {[%emt 0:01:07]} 67. Kf3 {[%emt 0:00:24]} Re7 {[%emt 0:02:42]} 68. Bd6 {[%emt 0:02:10]} Rd7 {[%emt 0:00:31]} 69. Bf8 {[%emt 0:00:12]} Ne5+ {[%emt 0:02:49]} 70. Kf4 {[%emt 0:00:15]} Nd3+ {[%emt 0:00:08]} 71. Ke4 {[%emt 0:00:14]} Rf7 {[%emt 0:01:28]} 72. Bd6 {[%emt 0:00:18]} Nf2+ {[%emt 0:00:53]} 73. Kf3 {[%emt 0:00:12]} Nh3 {[%emt 0:00:11]} 74. Bf4 {[%emt 0:05:12]} Kd3 {[%emt 0:04:02]} 75. Nc1+ {[%emt 0:00:04]} Kc2 {[%emt 0:01:21]} 76. Ne2 {[%emt 0:00:03]} Kd3 {[%emt 0:00:52]} 77. Nc1+ {[%emt 0:00:04]} Kc4 {[%emt 0:00:15]} 78. Ne2 {[%emt 0:00:03]} Rd7 {[%emt 0:00:43]} 79. Be3 {[%emt 0:00:35]} Ng5+ {[%emt 0:00:24]} 80. Bxg5 {[%emt 0:01:06]} hxg5 {[%emt 0:00:04]} 81. Ng1 {[%emt 0:00:22]} Rd3+ {[%emt 0:01:15]} 1/2-1/2